Kde jsou hvězdy nejblíž

Hlavní autor: Šmíd, Jan, 1965-
Další autoři: Preiss, Viktor, 1947-, Berger, Jan, 1924-1996
Jazyk: Čeština
Vydáno: Praha : AudioStory, p1992
Fyzický popis: 1 MC + 1 složený list.
Zvukové nahrávky
Uloženo v:
LEADER 00896njm a2200265 a 4500
001 000242553
003 CZ BrMZK
005 79950101143423.0
008 950101s1992 xr f cze d
028 0 1 |b AudioStory 
040 |a BOA001  |b cze 
080 |a 885.0-32(086.7)  |2 MRF 
100 1 |a Šmíd, Jan,  |d 1965-  |7 jn20010602616  |4 aut 
245 1 0 |a Kde jsou hvězdy nejblíž  |h [zvukový záznam] /  |c Jan Šmíd ; [režie Jan Berger]. 
260 |a Praha :  |b AudioStory,  |c p1992 
300 |a 1 MC +  |e 1 složený list. 
306 |a 013000 
500 |a Durata 90:00 
500 |a Nahr. 1991 
511 0 |a Viktor Preiss, vypravěč. 
700 1 |a Preiss, Viktor,  |d 1947-  |7 jn19990218086  |4 nrt 
700 1 |a Berger, Jan,  |d 1924-1996  |7 jx20051128001  |4 drt 
910 |a BOA001  |b KZ-0004.994 
990 |a AV 
996 6 |b 261H005145  |c KZ-0004.994  |l MZK  |r Sklad / do 24 hodin  |n 1  |p p.v.  |w 000242553  |u 000010  |a 1  |e BOA001  |j MZK50  |s P